000 00399nam a2200157Ia 4500
100 _aGarcia-Alberto leon/ Widjaja/Indra
250 _a2
942 _cBK
366 _f15
654 _acommunication networks
245 _aCommunication Networks:Fundamental concepts and key architechtures
260 _bTata Mc Graw hill
_c2004
082 _a621.3821
_bGAR
300 _a900
546 _aENGLISH
999 _c30975
_d30975